| 000 | 00884cab a2200277 4500 | ||
|---|---|---|---|
| 001 | ABS51324 | ||
| 008 | 090401t1994 xxu||||| |||| 00| 0 eng d | ||
| 035 | _a(Sirsi) u21939 | ||
| 041 | _aeng | ||
| 100 | _aDoyle, N. | ||
| 245 | _aShadowy details | ||
| 260 | _c1994 | ||
| 350 | _a0 | ||
| 490 |
_aNew Civil Engineer _v18/25 August 1994, 12-13(2) |
||
| 520 | _aExamines the concept of private funding for road projects in the light of the announcement of the first projects of this type. | ||
| 650 | _aDBFO ROAD SCHEMES | ||
| 650 | _aDESIGN BUILD FINANCE AND OPERATE SCHEME | ||
| 650 | _aPRIVATE FINANCE INITIATIVE | ||
| 650 | _aPRIVATE FINANCE | ||
| 650 | _aPRIVATE SECTOR | ||
| 650 | _aROADBUILDING | ||
| 650 | _aPROPERTY-INFRASTRUCTURE-TRANSPORT INFRASTRUCTURE-ROAD INFRASTRUCTURE | ||
| 690 | _aTRANSPORT AND COMMUNICATIONS | ||
| 942 | _n0 | ||
| 948 | _c04/03/1997 | ||
| 999 |
_c14701 _d14701 |
||